| 000 | 00360 a2200157 4500 | ||
|---|---|---|---|
| 001 | 46139 | ||
| 020 | _a978-85-7208-160-3 | ||
| 040 | _cAnchieta - Aquarius | ||
| 100 | _aMachado, Ana Maria | ||
| 240 | 1 | 0 |
_aUm avião e uma viola _lpor |
| 245 | 1 | 0 | _aUm avião e uma viola |
| 300 | _a | ||
| 362 | 0 | _a2009 | |
| 650 | 4 | _aLiteratura infanto-juvenil | |
| 942 | _cBK | ||
| 999 |
_c46139 _d46139 |
||